Basics of logic (Record no. 1723)
[ view plain ]
| 000 -LEADER | |
|---|---|
| fixed length control field | 00557nam a22002057a 4500 |
| 003 - CONTROL NUMBER IDENTIFIER | |
| control field | URS |
| 005 - DATE AND TIME OF LATEST TRANSACTION | |
| control field | 20230616092821.0 |
| 008 - FIXED-LENGTH DATA ELEMENTS--GENERAL INFORMATION | |
| fixed length control field | 190416s ph a |
| 020 ## - INTERNATIONAL STANDARD BOOK NUMBER | |
| International Standard Book Number | 9714204313 |
| 040 ## - CATALOGING SOURCE | |
| Transcribing agency | URS |
| Language of cataloging | eng |
| Modifying agency | rda |
| 050 14 - LIBRARY OF CONGRESS CALL NUMBER | |
| Classification number | BC 71 |
| Item number | .M4951 2004 |
| 100 ## - MAIN ENTRY--PERSONAL NAME | |
| Personal name | Meer, Thelma Q. |
| 245 10 - TITLE STATEMENT | |
| Title | Basics of logic |
| Statement of responsibility, etc. | Thelma Q. Meer, Lou S. Hualda, Lamberto M, Bamba Jr. |
| 260 ## - PUBLICATION, DISTRIBUTION, ETC. | |
| Place of publication, distribution, etc. | Bulacan: |
| Name of publisher, distributor, etc. | Trinitas Publishing, |
| Date of publication, distribution, etc. | [2004] |
| 300 ## - PHYSICAL DESCRIPTION | |
| Extent | 163 pages |
| Other physical details | with illustrations |
| Dimensions | 25 cm |
| 650 ## - SUBJECT ADDED ENTRY--TOPICAL TERM | |
| Topical term or geographic name entry element | Logic |
| 700 ## - ADDED ENTRY--PERSONAL NAME | |
| Personal name | Hualda, Lou S. |
| 700 ## - ADDED ENTRY--PERSONAL NAME | |
| Personal name | Bamba, Lamberto |
| 942 ## - ADDED ENTRY ELEMENTS (KOHA) | |
| Koha item type | Filipiniana |
| Source of classification or shelving scheme | Library of Congress Classification |
| Withdrawn status | Source of classification or shelving scheme | Damaged status | Not for loan | Collection code | Home library | Current library | Shelving location | Date acquired | Total Checkouts | Full call number | Barcode | Date last seen | Price effective from | Koha item type |
|---|---|---|---|---|---|---|---|---|---|---|---|---|---|---|
| Library of Congress Classification | Non-fiction | Cainta College Library | Cainta College Library | On Display | 02/03/2016 | BC71.M4951 2004 | URSCAI-1987 | 02/03/2016 | 01/21/2019 | Filipiniana | ||||
| Library of Congress Classification | Non-fiction | Cainta College Library | Cainta College Library | On Display | 02/03/2016 | BC71.M4951 2004 | URSCAI-1988 | 02/03/2016 | 01/21/2019 | Filipiniana | ||||
| Library of Congress Classification | Non-fiction | Cainta College Library | Cainta College Library | 02/03/2016 | BC 71.M4951 2004 | URSCAI-1989 | 02/03/2016 | 01/21/2019 | Filipiniana | |||||
| Library of Congress Classification | Non-fiction | Cainta College Library | Cainta College Library | 02/03/2016 | BC 71.M4951 2004 | URSCAI-1990 | 02/03/2016 | 01/21/2019 | Filipiniana | |||||
| Library of Congress Classification | Non-fiction | Cainta College Library | Cainta College Library | 02/03/2016 | BC 71.M4951 2004 | URSCAI-1991 | 02/03/2016 | 01/21/2019 | Filipiniana | |||||
| Library of Congress Classification | Non-fiction | Cainta College Library | Cainta College Library | 02/03/2016 | BC 71.M4951 2004 | URSCAI-1992 | 02/03/2016 | 01/21/2019 | Filipiniana | |||||
| Library of Congress Classification | Non-fiction | Cainta College Library | Cainta College Library | 02/03/2016 | BC 71.M4951 2004 | URSCAI-1993 | 02/03/2016 | 01/21/2019 | Filipiniana | |||||
| Library of Congress Classification | Non-fiction | Cainta College Library | Cainta College Library | 02/03/2016 | BC 71.M4951 2004 | URSCAI-1994 | 02/03/2016 | 01/21/2019 | Filipiniana | |||||
| Library of Congress Classification | Non-fiction | Cainta College Library | Cainta College Library | 02/03/2016 | BC 71.M4951 2004 | URSCAI-1995 | 02/03/2016 | 01/21/2019 | Filipiniana | |||||
| Library of Congress Classification | Non-fiction | Cainta College Library | Cainta College Library | 02/03/2016 | BC 71.M4951 2004 | URSCAI-1996 | 02/03/2016 | 01/21/2019 | Filipiniana | |||||
| Library of Congress Classification | Non-fiction | Cainta College Library | Cainta College Library | On Display | 02/03/2016 | BC71.M4951 2004 | URSCAI-2300 | 02/03/2016 | 01/21/2019 | Filipiniana | ||||
| Library of Congress Classification | Non-fiction | Cainta College Library | Cainta College Library | On Display | 02/03/2016 | BC71.M4951 2004 | URSCAI-2301 | 02/03/2016 | 01/21/2019 | Filipiniana | ||||
| Library of Congress Classification | Non-fiction | Cainta College Library | Cainta College Library | On Display | 02/03/2016 | BC71.M4951 2004 | URSCAI-2302 | 02/03/2016 | 01/21/2019 | Filipiniana | ||||
| Library of Congress Classification | Non-fiction | Cainta College Library | Cainta College Library | On Display | 02/03/2016 | BC71.M4951 2004 | URSCAI-2303 | 02/03/2016 | 01/21/2019 | Filipiniana | ||||
| Library of Congress Classification | Non-fiction | Cainta College Library | Cainta College Library | 02/03/2016 | BC 71.M4951 2004 | URSCAI-2304 | 02/03/2016 | 01/21/2019 | Filipiniana | |||||
| Library of Congress Classification | Non-fiction | Cainta College Library | Cainta College Library | 02/03/2016 | BC 71.M4951 2004 | URSCAI-2735 | 02/03/2016 | 01/21/2019 | Filipiniana | |||||
| Library of Congress Classification | Non-fiction | Cainta College Library | Cainta College Library | 02/03/2016 | BC 71.M4951 2004 | URSCAI-2736 | 02/03/2016 | 01/21/2019 | Filipiniana | |||||
| Library of Congress Classification | Non-fiction | Cainta College Library | Cainta College Library | On Display | 02/03/2016 | BC71.M4951 2004 | URSCAI-2737 | 02/03/2016 | 01/21/2019 | Filipiniana | ||||
| Library of Congress Classification | Non-fiction | Cainta College Library | Cainta College Library | On Display | 02/03/2016 | BC71.M4951 2004 | URSCAI-2738 | 02/03/2016 | 01/21/2019 | Filipiniana | ||||
| Library of Congress Classification | Non-fiction | Cainta College Library | Cainta College Library | 02/03/2016 | BC 71.M4951 2004 | URSCAI-2739 | 02/03/2016 | 01/21/2019 | Filipiniana | |||||
| Library of Congress Classification | Non-fiction | Cainta College Library | Cainta College Library | 02/03/2016 | BC 71.M4951 2004 | URSCAI-2740 | 02/03/2016 | 01/21/2019 | Filipiniana | |||||
| Library of Congress Classification | Non-fiction | Cainta College Library | Cainta College Library | On Display | 02/03/2016 | BC 71.M4951 2004 | URSCAI-2741 | 02/03/2016 | 01/21/2019 | Filipiniana | ||||
| Library of Congress Classification | Non-fiction | Cainta College Library | Cainta College Library | On Display | 02/03/2016 | BC71.M4951 2004 | URSCAI-2742 | 02/03/2016 | 01/21/2019 | Filipiniana | ||||
| Library of Congress Classification | Non-fiction | Cainta College Library | Cainta College Library | 02/03/2016 | BC 71.M4951 2004 | URSCAI-2743 | 02/03/2016 | 01/21/2019 | Filipiniana | |||||
| Library of Congress Classification | Non-fiction | Cainta College Library | Cainta College Library | 02/03/2016 | BC 71.M4951 2004 | URSCAI-2744 | 02/03/2016 | 01/21/2019 | Filipiniana |